Socrates & Confucius: A Cross-Cultural Paradigm of Ancient Sages - The Common Cultural Heritage of China and Europe

Sokrates a Confucius: autori bez textov? Človek a božstvo. Etika a politika. Úpadok a znovuobjavenie konvergentných filozofických princípov.

Gespeichert in:
Bibliographische Detailangaben
1. Verfasser: Škvrnda, František, ml., 1987-
Weitere Verfasser: Ondriaš, Juraj, 1988-
Format: Buchkapitel
Sprache:Englisch
Schlagworte:
Tags: Tag hinzufügen
Keine Tags, Fügen Sie das erste Tag hinzu!

MARC

LEADER 00000naa$a2200000$$$4500
001 0258396
005 20240502083734.5
041 0 |a eng 
044 |a HU 
245 1 0 |a Socrates & Confucius: A Cross-Cultural Paradigm of Ancient Sages - The Common Cultural Heritage of China and Europe  |c František Škvrnda ml., Juraj Ondriaš 
520 |a Sokrates a Confucius: autori bez textov? Človek a božstvo. Etika a politika. Úpadok a znovuobjavenie konvergentných filozofických princípov. 
610 2 0 |a filozofia 
610 2 0 |a vedomosti 
610 2 0 |a Čína 
610 2 0 |a Európa 
100 1 |a Škvrnda, František, ml., 1987- 
700 1 |a Ondriaš, Juraj, 1988-